Exposición F. Reolid (Record no. 12441)

MARC details
000 -LEADER
campo de control de longitud fija 00769nam a22002175i 4500
001 - NÚMERO DE CONTROL
campo de control 12441
003 - IDENTIFICADOR DE NÚMERO DE CONTROL
campo de control ES-MaACL
005 - FECHA Y HORA DE LA ÚLTIMA TRANSACCIÓN
campo de control 20230906150319.0
007 - CAMPO FIJO DE DESCRIPCIÓN FÍSICA--INFORMACIÓN GENERAL
campo de control de longitud fija t|
008 - DATOS DE LONGITUD FIJA--INFORMACIÓN GENERAL
campo de control de longitud fija 940902s1994 sp ||||0| spa j
040 ## - FUENTE DE CATALOGACIÓN
Centro catalogador/agencia de origen M-BN
Lengua de catalogación spa
Centro/agencia transcriptor M-BN
080 ## - NÚMERO DE LA CLASIFICACIÓN DECIMAL UNIVERSAL
Número de la Clasificación Decimal Universal 75 Fernandez Reolid, Francisco (064.3)
100 1# - ENTRADA PRINCIPAL--NOMBRE DE PERSONA
Nombre de persona Fernández Reolid, Francisco.
9 (RLIN) 50026
245 10 - MENCIÓN DEL TÍTULO
Título Exposición F. Reolid
Resto del título : serie blanca : [sala de exposiciones "La Lonja"].
260 ## - PUBLICACIÓN, DISTRIBUCIÓN, ETC.
Lugar de publicación, distribución, etc. [Madrid :
Nombre del editor, distribuidor, etc. Junta Municipal de Arganzuela],
Fecha de publicación, distribución, etc. D.L. 1994.
300 ## - DESCRIPCIÓN FÍSICA
Extensión [12] p., 72 p. de lám. col ;
Dimensiones 30 cm.
500 ## - NOTA GENERAL
Nota general Tít. tomado de la cub.
600 14 - PUNTO DE ACCESO ADICIONAL DE MATERIA--NOMBRE DE PERSONA
Nombre de persona Fernández Reolid, Francisco-
Subdivisión de forma Exposiciones.
9 (RLIN) 50027
710 1# - ENTRADA AGREGADA--NOMBRE DE ENTIDAD CORPORATIVA
Nombre de entidad corporativa o nombre de jurisdicción como elemento de entrada Madrid.
Unidad subordinada Junta Municipal de Arganzuela.
9 (RLIN) 5624
852 ## - LOCALIZACIÓN
Ubicación ES-MaACL
Número de control de estantería L-19678
Sublocalización o colección R.123648
Holdings
Estatus retirado Estado de pérdida Estado de daño No para préstamo Biblioteca de origen Biblioteca actual Ubicación en estantería Fecha de adquisición Fuente de adquisición Total de préstamos Signatura topográfica completa Código de barras Visto por última vez Precio de reemplazo Tipo de ítem Koha
        Biblioteca del Ateneo de Madrid Biblioteca del Ateneo de Madrid Depósito 2 17/01/2008     L-19678 1012677 23/02/2023 23/02/2023 Libro impreso